| 000 | 01056nam a2200337Ia 4500 | ||
|---|---|---|---|
| 001 | dia_3344 | ||
| 003 | CHAP | ||
| 005 | 20230331093910.0 | ||
| 008 | 220117s2010 xx 000 0 und d | ||
| 010 | _a173816 | ||
| 020 | _a978-0-521-54866-3 | ||
| 040 | _cCHAP | ||
| 082 | _a519.54 Y64 2010 | ||
| 100 |
_aYoung, G. A. _9154530 |
||
| 245 |
_aEssentials of statistical inference / _c G.A. Young y R.L. Smith |
||
| 260 |
_aEstados Unidos de América : _b Cambridge University Press, _c2010 |
||
| 300 | _ax, 225 p. | ||
| 440 |
_aCambridge series in statistical and probabilistic mathematics _917813 |
||
| 503 | _aC. | ||
| 504 | _aBibliografía: p. 218-222 | ||
| 590 | _aQA276 Y64 2010 | ||
| 650 |
_aEstadística _938241 |
||
| 650 |
_aMathematical statistics _9147253 |
||
| 650 |
_aProbabilidad _991685 |
||
| 650 |
_aProbabilities _9147799 |
||
| 700 |
_aSmith, Richard L., coaut. _9154531 |
||
| 901 | _a519.54 Y64 2010 | ||
| 902 | _aM | ||
| 905 | _a5232272010 -usm 8222223322eng16 | ||
| 942 |
_cLIBRO _2ddc |
||
| 999 |
_c173816 _d173816 |
||